000 00569nam a2200181Ia 4500
008 090124s9999 xx 000 0 und d
082 _b42924
100 _aपरांजपे राम
245 _a प्रॉडिगल डॉटर
250 _a1
260 _bसानिया पब्लिकेशन
_c2005
300 _a143
600 _aपरांजपे राम
630 _a प्रॉडिगल डॉटर
700 _aपरांजपे राम
730 _a प्रॉडिगल डॉटर
942 _cBOOK
999 _c109145
_d109145